Länderflaggen als Kreisdiagramm #9 - Statistiken

Allgemein
  • Dieses Quiz wurde 28 mal gespielt
  • Das Durchschnittsergebnis liegt bei 9 aus 20
Antwortstatistiken
Bildquiz Antwort % Korrekt
Rumänien
90%
Sambia
90%
Bahamas
81%
Schweiz
67%
Philippinen
62%
Benin
57%
Fidschi
52%
Liechtenstein
52%
Mosambik
52%
Seychellen
52%
Jordanien
29%
Kasachstan
29%
Libyen
29%
Myanmar
29%
Salomonen
29%
Demokratische Republik Kongo
24%
Komoren
24%
Argentinien
14%
Dänemark
14%
São Tomé und Príncipe
14%
Keine übereinstimmenden Quizze gefunden
Verteilung der Resultate
Anzahl Personen mit jedem Resultat
Perzentil nach korrekt beantworteten Fragen
Ihre Resultats-Entwicklung
Sie haben dieses Quiz noch nicht gespielt